[Event "Biel GM"]
[Site "Biel"]
[Date "2007.08.01"]
[Round "8"]
[White "Van Wely, Loek"]
[Black "Carlsen, Magnus"]
[Result "1-0"]
[WhiteElo "2680"]
[BlackElo "2710"]
[Annotator "Van Wely,Loek"]
[PlyCount "119"]
[EventDate "2007.07.23"]
[EventType "tourn"]
[EventRounds "9"]
[EventCountry "SUI"]
[EventCategory "18"]
[SourceTitle "CBM 120"]
[Source "ChessBase"]
[SourceDate "2007.10.02"]
[SourceVersion "1"]
[SourceVersionDate "2007.10.02"]
[SourceQuality "1"]

{I was a happy camper on 1,5 from 7, and Magnus was leading the tournament with +2, but just lost horribly against Pelletier, so any result possible. Ich zierte das Tabellenende mit 1,5 aus 7, und Magnus führte im Turnier mit +2, hatte allerdings gerade auf schreckliche Weise gegen Pelletier verloren, also jedes Resultat möglich.} 1. d4 Nf6 2. c4 e6 3. Nf3 d5 4. Nc3 Bb4 5. Bg5 O-O 6. e3 c5 7. cxd5 exd5 8. Bd3 $5 {Today I was in a creative mood and over the board decided to play something new. A risky strategy when your tournament is not running well, but somehow this kept me sharp. Heute war ich in kreativer Stimmung und beschloss am Brett, etwas Neues zu spielen. Eine riskante Strategie, wenn das Turnier nicht gut für dich läuft, aber irgendwie hielt mich das unter Spannung.} (8. Rc1 {was Topalov's choice vs Carlsen. war Topalovs Wahl gegen Carlsen.} Nbd7 9. dxc5 Qa5 $6 (9... Nxc5 $142 10. Qd4 (10. Bd3 {Morozevich - Movsesian 0-1 Sarajevo 2007}) 10... Bxc3+ 11. Qxc3 Nce4 12. Bxf6 Nxf6 $14) 10. a3 (10. Nd2 b6 11. c6 $6 (11. Be2 bxc5 12. O-O Bxc3 13. Rxc3 Qxa2 14. Qc2 Rb8 $11 {Grischuk-Carlsen Moscow 2006}) 11... d4 12. cxd7 dxc3 13. bxc3 Bxc3 14. Bxf6 gxf6 15. dxc8=Q (15. Bd3 Bxd7 16. Rc2 $11) (15. Rxc3 Qxc3 16. dxc8=Q Raxc8 $36) 15... Raxc8 $36) 10... Bxc3+ 11. Rxc3 Ne4 12. b4 $1 Nxc3 13. Qa1 $16 {Topalov-Carlsen Wijk aan Zee 2007}) 8... c4 ({RR} 8... h6 9. Bh4 Nc6 10. O-O cxd4 11. Bxf6 Qxf6 12. Nxd5 Qd6 13. Nxb4 Qxb4 14. exd4 Rd8 15. d5 Ne7 16. Re1 Nxd5 17. Ne5 Be6 18. Qf3 Qf4 19. Be4 Qxf3 20. Bxf3 Rac8 21. Rac1 Nb4 22. a3 Nd5 23. g3 {Salem,A (2640)-Dogan,U (2076) chess.com INT 2025 1-0 (34)}) 9. Bc2 Nbd7 10. O-O Qa5 11. Rc1 $146 (11. Ne5 Bxc3 12. bxc3 Nxe5 13. dxe5 Ne4 14. Be7 Re8 15. Bb4 Qc7 $11 {Radjabov-Carlsen blitz 2006}) ({RR} 11. Ne5 Bxc3 12. bxc3 Nxe5 13. dxe5 Ne4 14. Be7 Re8 15. Bb4 Qd8 16. f3 a5 17. fxe4 axb4 18. Qf3 Be6 19. Rad1 dxe4 20. Qxe4 Qg5 21. Qxh7+ Kf8 22. Qe4 Rxa2 23. cxb4 b5 24. Rf2 Rea8 25. Rdf1 Ra1 {Salem,A (2476)-Khader,S (2400) Abu Dhabi 2008 1-0 (34)}) ({RR} 11. Ne2 Re8 12. a3 Bf8 13. Bf4 b5 14. Ng3 Qb6 15. Ne5 Bb7 16. Nxd7 Nxd7 17. Qg4 Nf6 18. Qh4 Ne4 19. f3 Qf6 20. Qh3 Bc8 21. Qh5 g6 22. Qxd5 Nxg3 23. hxg3 Be6 24. Qxb5 a6 25. Qa5 Rec8 {Arandjelovic,A (2077)-Gagic,M (1865) Nis 2011 1-0 (39)}) 11... Bxc3 12. bxc3 Ne4 13. Bb1 Re8 14. Bf4 Nb6 $6 {I suppose Magnus didn't expect some violent action to happen on his kingside, otherwise he might have gone for the solid Ich vermute, Magnus hatte keinen Ausbruch von Gewaltätigkeiten an seinem Königsflügel erwartet, ansonsten hätte er vielleicht das solide} (14... Nf8 {gewählt.}) (14... Qa3 {with clear intentions to take on c3 is not so great: mit klaren Intentionen, auf c3 zu schlagen, ist nicht so besonders:} 15. Ng5 $1 Ndf6 16. Nxe4 Nxe4 (16... dxe4 17. d5) {and now the positonal und jetzt sehen sowohl das positionelle} 17. Qe1 {and als auch} ({the more aggressive das aggressivere} 17. Qh5 {both look tempting verlockend aus.})) 15. Ne5 f6 16. Qh5 Be6 17. f3 $1 {That was White's idea. Das war die Idee von Weiß.} fxe5 18. Bxe5 Bf7 19. Qh3 $1 {Doesn't give Black a chance to bail out to an inferior endgame. Gibt Schwarz keine Chance, sich in ein schlechteres Endspiel zu verdrücken.} (19. Qh4 $6 Nd7 $1 20. fxe4 Nxe5 21. dxe5 Bg6 22. exd5 Bxb1 (22... Qxd5 $6 23. Bxg6 hxg6 24. Rcd1 Qc5 (24... Qxe5 25. Qxc4+ Re6 (25... Qe6 26. Qxe6+ Rxe6 27. Rd7 $16) 26. Rf3 $16) 25. Qd4 (25. Qf4 Re7) 25... Rxe5 26. Qxc5 Rxc5 27. Rd7 Rf8 28. Rxf8+ Kxf8 29. Rxb7 Rd5 30. Rxa7 Rd3 31. Kf2 Rxc3 $16) 23. Rxb1 Qxd5 24. Qd4 Qc6 $16 {Somehow White's compromised pawn structure gives Black good drawing chances. Irgendwie gibt die kompromittierte Bauernstruktur von Weiß Schwarz gute Remischancen.}) 19... Nf6 (19... Ng5 20. Qf5 h6 21. h4 Rxe5 22. dxe5 Ne6 23. Qh7+ Kf8 24. f4 Bg8 25. Qh8 Qc5 26. Rce1 $40 {and during the game and also now I didn't see any way for Black to stop my attack. und während der Partie - und auch jetzt - sah ich keinen Weg für Schwarz, meinen Angriff aufzuhalten.}) (19... Be6 20. Qh4) 20. Bxf6 gxf6 21. Qh6 $1 ({I understood very well that after Ich war mir durchaus im klaren, dass nach} 21. Qxh7+ Kf8 22. e4 $40 {White has a nice attack going on, but the move played is even stronger. Weiß einen schönen Angriff hat, aber der gespielte Zug ist noch stärker.}) 21... Bg6 22. Bxg6 hxg6 23. Qxg6+ Kf8 24. Qxf6+ Kg8 25. Qg6+ Kf8 26. Qf6+ Kg8 27. e4 ({After a long think I finally rejected Nach einer langen Denkpause verwarf ich schließlich} 27. f4 $5 {because I prefered to win slowly but surely instead of winning quickly but running some risk of screwing it up. Later it happened that this "surely" was not to be 24 carats gold by the way. , weil ich lieber langsam, aber sicher gewinnen wollte, statt schnell zu siegen, dafür jedoch das Risiko einzugehen, die Sache zu vermasseln. Später sollte sich übrigens herausstellen, dass dieses "sicher" auch nicht auf die Goldwaage zu legen war.} Qa3 $1 (27... Nd7 28. Qg6+ Kf8 29. f5 Ke7 30. Rb1 $1 (30. f6+ Kd6 $1) 30... Qa6 31. f6+ Kd6 32. f7+ Re6 33. Qg3+ Kc6 34. e4 $1 dxe4 35. Rf5 Rd6 36. Qf4 $18) 28. Qg6+ Kf8 29. f5 Ke7 30. f6+ Kd7 31. Qh7+ Kc6 32. f7 Rf8 33. e4 $36) 27... Qb5 (27... Qxa2 $5 {Is this possible? During the game I even didn't notice this pawn was hanging, and right now I don't see a clear refutation. At least it would have forced White to speed up matters. Ist das möglich? Während der Partie bemerkte ich nicht einmal, dass dieser Bauer hing, und selbst jetzt sehe ich keine klare Widerlegung. Zumindest hätte es Weiß gezwungen, die Dinge zu beschleunigen.}) 28. Qg6+ Kf8 29. Qf6+ Kg8 30. Qg6+ Kf8 31. e5 Qc6 32. Qf5+ $2 (32. Qc2 $1) 32... Ke7 33. Qh7+ (33. f4 Qh6) 33... Kd8 34. f4 Qd7 35. Qxd7+ $2 {A big mistake, White still had a chance to better his life and to show some understanding, but unfortunately again this was not the case. The fact is that White's pawns are easier pushed with queens on, and apart from that, Black's king lacks shelter, so the more pieces on, the better. To make it even worse, with queens off, Black's king might become a very useful blockader of White's pawn phalanx. Ein grober Fehler. Weiß hatte noch immer eine Chance, sich das Leben zu erleichtern und etwas Stellungsverständnis zu zeigen, aber leider versäumte er es aufs Neue. Tatsache ist nämlich, dass die weißen Bauern mit Damen auf dem Brett leichter vorgestoßen werden können,  und außerdem mangelt es dem schwarzen König an Schutz; also je mehr Figuren auf dem Brett, desto besser. Was es noch schlimmer macht, bei getauschten Damen könnte der schwarze König ein sehr nützlicher Blockierer der weißen Bauernphalanx werden.} (35. Qh4+ Kc7 36. f5 {was the way to play. war die angesagte Fortsetzung.}) 35... Kxd7 $1 (35... Nxd7 36. Rb1 Rb8 37. Rb5) 36. g4 Rg8 $1 {Slowing White down.} (36... Na4 $2 37. Kg2 {and there will be no stopping g5-h4-f5-g6 etc.}) 37. h3 (37. g5 $2 Raf8 38. Kg2 Ke6) 37... Na4 38. Kg2 (38. f5 {to push the pawns was also an option, however, I was waiting till I had all my bases loaded. um die Bauern voranzutreiben, war ebenfalls eine Möglichkeit, doch ich wartete ab, bis ich all meine Tablebases geladen hatte.}) 38... b5 39. Kg3 a5 40. a3 b4 (40... Rab8 $5 41. f5 b4 42. cxb4 axb4 43. axb4 Rxb4 44. h4 c3 45. Rf4 Rc8 46. f6 c2 (46... Rb3 47. g5 $18) 47. Rf2 Rbc4 (47... Nc3 48. Rfxc2 Ne2+ 49. Rxe2 Rxc1 50. e6+ Ke8 51. Ra2 $18 {would have led to some kind of masochistic affair where Black's extra rook won't be very helpful. hätte zu einer Art Masochismusnummer geführt, wo der schwarze Mehrturm nicht besonders hilfreich sein wird.}) (47... Rxd4 48. Rfxc2 Rd3+ 49. Kg2 Nc3 50. g5 Ke6 (50... d4 51. g6 $18) (50... Rc4 51. f7 Ke7 (51... Rg4+ 52. Kf1 Rf3+ 53. Rf2 Rxf2+ 54. Kxf2 Ke7 55. Rxc3 $18) 52. Rf2 $18) 51. g6 $18) 48. f7 Nc3 49. Kg2 Na2 50. Rcxc2 Rxc2 51. f8=Q Rxf8 52. Rxc2 Nb4 53. Rd2 Nc6 54. h5 Nd8 $1 {and maybe Black can save himself. und vielleicht kann Schwarz sich retten.}) 41. cxb4 {Not allowing some fancy stuff, although probably bad: Lässt keine Spirenzchen zu, obwohl sie vermutlich nichts taugen:} (41. axb4 Nxc3 $5 42. Rxc3 axb4) 41... axb4 42. axb4 Nb2 (42... Rab8) 43. Rc3 Nd3 44. b5 Rgb8 45. Rb1 Ra5 46. f5 (46. b6 Ra6 47. b7 Ra7 48. g5 {I must confess that this was my first intention Ich muss gestehen, dass dies meine erste Absicht war} (48. Rb5 Kc6) (48. Rb6 $2 Raxb7 49. Rd6+ Ke8 50. Rxd5 Rb3 $1 $19) 48... Raxb7 (48... Ke6 $2 49. Rb6+ Kf5 50. Rxd3 cxd3 51. Kf3) 49. Rxb7+ Rxb7 50. g6 Ke6 51. Kg4 {but then I was unpleasantly surprised by the consequences of , doch dann wurde ich unangenehm überrascht von den Konsequenzen von} Nf2+) (46. g5 $2 Ke6 47. Kg4 Nf2+) 46... Raxb5 47. Rxb5 Rxb5 48. e6+ $6 {Laziness could have cost me the game, were it not that the position is winning anyway. A good player would have calculated the endgame after Faulheit hätte mich die Partie kosten können, wäre die Stellung nicht sowieso gewonnen.} (48. Ra3 $1 Nxe5 {til the end: bis zum Ende:} 49. Ra7+ Kd6 50. dxe5+ Kxe5 51. Re7+ Kd6 52. Re6+ Kd7 53. Kf4 {but I couldn't and I still can't. Just waiting for the tablebase of 9 pieces... , aber ich konnte es nicht, und ich kann es noch immer nicht. Warte nur auf die 9-Steiner-Tablebase...}) 48... Ke7 $2 ({During the game I was getting very much worried about Während der Partie bekam ich große Sorgen wegen} 48... Kd6 $1 {and I don't put my hands in the fire that I would have found the solution: , und ich lege meine Hand nicht dafür ins Feuer, dass ich die Lösung gefunden hätte.} 49. Ra3 Nb4 50. g5 Rb8 (50... Nc6 51. Kg4 Rb7 (51... Rb8 52. Re3 c3 53. Rxc3 Nxd4 54. Re3 Rb4 55. e7 Nc6+ 56. Kh5 Nxe7 57. f6 Rh4+ 58. Kxh4 Nf5+ 59. Kh5 Nxe3 60. g6 Ke6 61. g7 Kf7 62. Kh6 $18) 52. g6 Nxd4 53. Kg5 Rb3 54. e7 $1 (54. Ra8 Rxh3 55. g7 Nxe6+ 56. fxe6 Rg3+ 57. Kf6 Rf3+ 58. Kg6 Rg3+ 59. Kf7 Rxg7+ 60. Kxg7 Kxe6 $11) (54. Rxb3 cxb3 55. g7 Nxe6+ 56. fxe6 b2 $11) 54... Kxe7 55. f6+ {and it seems White is winning here.  und es sieht so aus, als ob Weiß hier gewinnt.}) 51. Kg4 Rc8 52. e7 $3 {To give up your pride like this, you need to be tough! Um seinen Stolz so aufzugeben, muss man schon ein ganz Harter sein!} Kxe7 53. f6+ Kf8 (53... Kf7 54. Ra7+ Ke6 55. Re7+ Kd6 56. g6) 54. Ra7 Nc6 55. Rh7) 49. Ra3 Rb7 50. g5 Nb4 (50... Nc5 {Also this last swindle doesn't work: Auch dieser letzte Schwindel funktioniert nicht:} 51. dxc5 Rb3+ 52. Rxb3 cxb3 53. c6 b2 54. c7 b1=Q 55. c8=Q Qe1+ 56. Kg4 Qe2+ 57. Kh4 Qc4+ 58. Qxc4 dxc4 59. Kh5 c3 60. Kg6 c2 61. f6+ Kxe6 62. f7 c1=Q 63. f8=Q $18) 51. Re3 $1 {Now there is no more stopping. Nun gibt es kein Halten mehr.} Nc6 52. f6+ Kd6 53. Kg4 c3 54. e7 c2 55. Rc3 Rb8 56. Rxc2 Nxd4 57. Rb2 Rc8 58. g6 Ne6 59. Rb6+ Kd7 60. Rb7+ 1-0

[Event "Arctic Chess Challenge"]
[Site "Tromsoe"]
[Date "2007.08.08"]
[Round "5"]
[White "Agdestein, Simen"]
[Black "Carlsen, Magnus"]
[Result "1/2-1/2"]
[WhiteElo "2582"]
[BlackElo "2710"]
[PlyCount "70"]
[EventDate "2007.08.04"]
[EventType "swiss"]
[EventRounds "9"]
[EventCountry "NOR"]
[SourceTitle "CBM 119 Extra"]
[Source "ChessBase"]
[SourceDate "2007.09.04"]
[SourceVersion "1"]
[SourceVersionDate "2007.09.04"]
[SourceQuality "1"]

1. d4 {Krasenkow,Michal} Nf6 2. c4 e6 3. Nf3 b6 4. g3 Ba6 5. b3 b5 6. cxb5 Bxb5 7. Nc3 ({RR} 7. Bg2 d5 8. O-O Nbd7 {½-½ (13) Thiel,K (2340)-Rigo,J (2365) Wuppertal 1986}) ({RR} 7. Bg2 d5 8. O-O Nbd7 {½-½ (13) Cruz Lledo,P (2399)-Franco Alonso,A (2401) Linares ESP 2024}) 7... Ba6 8. Bg2 d5 9. O-O Nbd7 10. Na4 ({RR} 10. Ne5 Bd6 ({RR} 10... Nxe5 11. dxe5 Nd7 ({RR} 11... Bb4 12. exf6 Bxc3 13. fxg7 Bxg7 14. Rb1 O-O 15. Ba3 Re8 16. Rc1) 12. Nxd5 exd5 ({RR} 12... Rc8 13. Nc3 Nxe5 14. Qc2) 13. Qxd5 Nb6 14. Qc6+ ({RR} 14. Qa5) 14... Qd7 15. Rd1 ({RR} 15. Bg5 Be7 16. Rfd1 Qxc6 17. Bxc6+ Kf8) 15... Qxc6 16. Bxc6+ Ke7 17. Bxa8 Nxa8 18. Bg5+ f6 19. exf6+ gxf6 20. Bf4) ({RR} 10... Bb7 11. Bf4) ({RR} 10... c5 11. Bf4 ({RR} 11. Bg5 Rc8 12. Nxd7 Qxd7 13. Bxf6 gxf6 14. Rc1 c4 15. e4 cxb3 16. Qxb3 Bc4 17. Qb2 Bh6 18. Rcd1 Bxf1 19. Bxf1) 11... Rc8 12. Na4 Nxe5 ({RR} 12... Bb5 13. Nxc5 Nxc5 14. dxc5 Bxc5 15. b4 Bd6 16. a4) 13. Bxe5 Nd7 14. Bf4 c4 15. Qd2 Be7 16. Rfc1 O-O 17. b4 Bb5 18. Nc5) 11. Bf4 ({RR} 11. Nc6 Qc8 12. a3 O-O ({RR} 12... Qb7 13. Na5 Qb6 14. b4) ({RR} 12... Nb8 13. Nb4 Bb7 14. Bb2 O-O 15. Nd3 Nbd7 16. Rc1 Qb8 17. Na4 a5 18. Qc2) 13. Bg5 ({RR} 13. Bf4 Qe8 14. Nb4 Bb7 15. Nd3) 13... Qe8 ({RR} 13... Qb7 14. Na5 Qb6 15. b4 h6 16. Bxf6 Nxf6 17. Re1 Rad8 18. Na4 Qb5 19. e4) 14. Qd2 Nb6 15. Na5 ({RR} 15. Nb4) 15... c5 16. dxc5 Bxc5 17. Bxf6 gxf6 18. Rfc1) 11... O-O ({RR} 11... Bxe5 12. dxe5 Nh5 13. Be3 Nxe5 14. Qd4 Qd6 15. Qa4+ Qc6 16. Qb4) 12. Rc1 Bxe5 13. dxe5 Nh5 ({RR} 13... Ng4 14. Nxd5 exd5 15. Qxd5 Nb6 16. Qa5 Bxe2 17. Rfe1 Bd3 18. Red1 ({RR} 18. h3) 18... Qd4 19. Rd2 Rad8 20. h3 Nxf2 21. Rxf2 Be4 22. Qxa7 Bxg2 23. Kxg2 Qe4+ 24. Kh2) 14. Na4 ({RR} 14. Be3 Nxe5 15. Na4) 14... Nxf4 15. gxf4 Bb5 16. Nc5 Nxc5 17. Rxc5 c6 18. Qd2 ({RR} 18. a4 Qb6 19. Qc2 Bc4) 18... Qb6 19. Rfc1 a5 20. e4 ({RR} 20. a4 Bc4) 20... a4 21. f5 axb3 22. f6 ({RR} 22. axb3 Kh8) 22... Qxc5 23. a4 ({RR} 23. Rxc5 bxa2 24. Qg5 a1=Q+ 25. Rc1 Qxc1+ 26. Qxc1 h6) 23... Qxc1+ 24. Qxc1 b2 {Aronian,L (2807)-Carlsen,M (2823) Moscow 2011 CBM 144 [Krasenkow,Michal] ½-½ (43)}) ({RR} 10. Re1) ({RR} 10. Bb2) ({RR} 10. a3) ({RR} 10. Rb1) 10... Bb5 11. Nc3 Ba6 12. Na4 Rc8 $146 ({RR} 12... Bd6 13. Bb2 O-O 14. Rc1 Rc8 15. Ne5 c5 16. Nxd7 Nxd7 17. dxc5 Nxc5 18. Qd4 Qf6 19. Nxc5 Bxc5 20. Qxf6 gxf6 21. Bxf6 Bxe2 22. Rfe1 Bd3 23. Bf1 Bxf1 24. Kxf1 Ba3 25. Rxc8 Rxc8 26. Re5 h6 27. Re2 {Sachdev,T (2425)-Zhao,X (2518) Beijing 2008 0-1 (46)}) 13. Bd2 Be7 14. Ba5 O-O 15. Rc1 Ne4 16. Nd2 Nd6 17. Nc5 Nxc5 18. dxc5 Nb7 19. Bb4 Qe8 20. a4 Rb8 21. Ba3 Na5 22. b4 Nc4 23. Nxc4 Bxc4 24. b5 a6 25. Rxc4 dxc4 26. Bc6 Qd8 27. Qc2 Qd4 28. Rd1 Qe5 29. bxa6 Rb3 30. a7 Rxa3 31. Qxc4 Rc3 32. Qa6 g6 33. a8=Q Rxa8 34. Qxa8+ Kg7 35. Bf3 Bxc5 1/2-1/2

[Event "Arctic Chess Challenge"]
[Site "Tromsoe"]
[Date "2007.08.12"]
[Round "9"]
[White "Carlsen, Magnus"]
[Black "Epishin, Vladimir"]
[Result "1-0"]
[WhiteElo "2710"]
[BlackElo "2587"]
[PlyCount "83"]
[EventDate "2007.08.04"]
[EventType "swiss"]
[EventRounds "9"]
[EventCountry "NOR"]
[SourceTitle "CBM 119 Extra"]
[Source "ChessBase"]
[SourceDate "2007.09.04"]
[SourceVersion "1"]
[SourceVersionDate "2007.09.04"]
[SourceQuality "1"]

1. d4 Nf6 2. c4 e6 3. Nf3 b6 4. g3 Bb4+ 5. Bd2 c5 6. Bxb4 cxb4 7. Bg2 Bb7 8. O-O O-O 9. Qd3 Qc7 ({RR} 9... a5 10. Nbd2 Na6 11. e4 d6 12. Rad1 Qe8 13. Ne1 e5 14. Nc2 Rd8 15. Rfe1 Qe6 16. b3 Rfe8 17. Nf1 Qc8 18. f3 g6 19. Nfe3 Kg7 20. h4 h5 21. Kh2 Qa8 22. Qd2 Nc7 23. Nf5+ Kg8 24. Qh6 {Ding,L (2702)-Aronian,L (2815) Beijing 2012 ½-½ (42)}) ({RR} 9... a5 10. Nbd2 Qc7 11. Rac1 d6 12. Rfd1 Re8 13. Ne1 Bxg2 14. Nxg2 Nc6 15. Nf4 Rac8 16. e4 Nxd4 17. Qxd4 e5 18. Qe3 exf4 19. Qxf4 Re6 20. Kg2 Nd7 21. Nb3 Qb7 22. f3 Ne5 23. Nd4 Rf6 24. Nf5 {Wagner,D (2614)-Durarbayli,V (2614) chess.com INT 2025 1-0 (42)}) 10. Nbd2 d6 11. e4 Nbd7 12. Ne1 $146 ({RR} 12. Rfe1 e5 13. a3 bxa3 14. Rxa3 Rfe8 15. b4 a5 16. bxa5 Rxa5 17. Rxa5 bxa5 18. Qa3 Ra8 19. c5 dxc5 20. d5 h6 21. Rc1 Ba6 22. Ne1 Ne8 23. Nb3 c4 24. Qxa5 Qxa5 25. Nxa5 Nd6 26. f3 Bb5 {Sargsyan,A (2402)-Silva,K (2121) Chess.com INT 2020 1-0 (43)}) ({RR} 12. Rfe1 e5 13. a3 bxa3 14. Rxa3 Rfe8 15. b4 a5 16. bxa5 Rxa5 17. Rxa5 bxa5 18. Qa3 Ra8 19. c5 dxc5 20. d5 h6 21. Rc1 Ba6 22. Ne1 Ne8 23. Nb3 c4 24. Qxa5 Qxa5 25. Nxa5 Nd6 26. f3 Bb5 {Sargsyan,A (2402)-Silva,K (2121) Chess.com INT 2020 1-0 (43)}) 12... a5 13. Nc2 e5 14. Ne3 exd4 15. Qxd4 Rae8 16. f3 Re5 17. Rfd1 Nc5 18. Ndf1 Ne8 19. Rac1 g6 20. Ng4 Ne6 21. Qd2 Rc5 22. Nfe3 h5 23. Nf2 Qe7 24. a3 bxa3 25. bxa3 h4 26. Rb1 hxg3 27. hxg3 Rg5 28. Nf1 Qc7 29. f4 Rh5 30. Bf3 Rh7 31. Qb2 Nc5 32. Qxb6 f5 33. Qxc7 Rxc7 34. Nd2 Ng7 35. Rb6 g5 36. exf5 Bxf3 37. Nxf3 Nxf5 38. g4 Ne3 39. Rdxd6 Rxf4 40. Nxg5 Rxc4 41. Rg6+ Kf8 42. Rb8+ 1-0

[Event "EU-Cup 23rd"]
[Site "Kemer"]
[Date "2007.10.05"]
[Round "3.2"]
[White "Milov, Vadim"]
[Black "Carlsen, Magnus"]
[Result "1/2-1/2"]
[WhiteElo "2680"]
[BlackElo "2714"]
[PlyCount "57"]
[EventDate "2007.10.03"]
[EventType "team-swiss"]
[EventRounds "7"]
[EventCountry "TUR"]
[SourceTitle "CBM 121"]
[Source "ChessBase"]
[SourceDate "2007.11.14"]
[SourceVersion "1"]
[SourceVersionDate "2007.11.14"]
[SourceQuality "1"]
[WhiteTeam "Taldea Gros Xake"]
[BlackTeam "Baden-Baden"]
[WhiteTeamCountry "ESP"]
[BlackTeamCountry "GER"]

1. d4 Nf6 2. c4 c5 3. d5 b5 4. Nf3 g6 5. cxb5 a6 6. b6 d6 7. Nc3 Qxb6 8. e4 Bg7 9. Nd2 Nbd7 10. a4 Qb4 ({RR} 10... O-O 11. Be2 Rb8 12. O-O Qa7 13. Nc4 Nb6 14. Na5 Bd7 15. Qc2 Qc7 16. Bd2 e6 17. dxe6 Bxe6 18. b3 d5 19. exd5 Nfxd5 20. Nxd5 Nxd5 21. Rac1 Bd4 22. Nc4 Nf4 23. Bxf4 Qxf4 24. Bd3 Kg7 25. Rce1 {Milov,V (2606)-Topalov,V (2745) Prague 2002 0-1 (41)}) 11. Be2 ({RR} 11. Bd3 O-O 12. Na2 Qa5 13. O-O Ne5 14. Be2 c4 15. Nxc4 Nxc4 16. Bxc4 Nxe4 17. Qe1 Qxe1 18. Rxe1 Nc5 19. Rxe7 Nxa4 20. Nc3 Nxc3 21. bxc3 Bxc3 22. Ra3 Bf6 23. Re1 a5 24. Bd2 Bd7 25. Rxa5 Rxa5 {Korchenkova,I (2103)-Agasieva,F (2039) Bolkhov 2017 ½-½}) 11... Ne5 12. O-O O-O $146 ({RR} 12... g5 13. Ra3 Bd7 14. Qc2 h6 15. Nd1 O-O 16. Ne3 e6 17. Ndc4 Nxc4 18. Nxc4 exd5 19. exd5 Nxd5 20. Nxd6 Nf4 21. Bc4 Ne6 22. Qf5 Nd4 23. Bxf7+ Kh8 24. Qxd7 Rad8 25. Qc7 Ne2+ 26. Kh1 Nxc1 27. Rf3 {Petkov,V (2511)-Polak,T (2543) Livigno 2011 1-0 (33)}) 13. Ra3 g5 14. Qc2 Bd7 15. b3 g4 16. Na2 Qb7 17. Nc4 Nxc4 18. Bxc4 Nh5 19. Bb2 Nf4 20. Bxg7 Kxg7 21. Nc1 Ng6 22. Nd3 f6 23. Raa1 a5 24. f4 gxf3 25. gxf3 Ne5 26. Kh1 Nxc4 27. bxc4 Kh8 28. Rab1 Qc7 29. Rg1 1/2-1/2

[Event "Bundesliga 0708"]
[Site "Germany"]
[Date "2008.02.09"]
[Round "8.3"]
[White "Carlsen, Magnus"]
[Black "Jussupow, Artur"]
[Result "1/2-1/2"]
[WhiteElo "2714"]
[BlackElo "2583"]
[PlyCount "53"]
[EventDate "2007.10.20"]
[EventType "team-tourn"]
[EventRounds "15"]
[EventCountry "GER"]
[SourceTitle "CBM 123"]
[Source "ChessBase"]
[SourceDate "2008.04.02"]
[SourceVersion "1"]
[SourceVersionDate "2008.04.02"]
[SourceQuality "1"]
[WhiteTeam "Baden-Baden"]
[BlackTeam "Solingen"]
[WhiteTeamCountry "GER"]
[BlackTeamCountry "GER"]

1. d4 Nf6 2. c4 e6 3. Nc3 d5 4. Nf3 Be7 5. Bg5 O-O 6. Qc2 Nbd7 7. e3 ({RR} 7. Rd1 c5 {½-½ (8) Poluljahov,A (2554)-Tregubov,P (2609) Krasnodar 1999}) 7... c5 8. Rd1 cxd4 9. Rxd4 ({RR} 9. exd4 h6 10. Bd2 dxc4 11. Bxc4 Re8 12. O-O Nb6 13. Bb3 Bd7 14. Ne5 Rc8 15. Rfe1 Nbd5 16. Qd3 a6 17. Qg3 Kf8 18. Qf3 Nxc3 19. bxc3 Bc6 20. Qh3 Ba3 21. Bxh6 gxh6 22. Qxh6+ Ke7 23. Bxe6 Be4 {Matras,O (2068)-Melnikov,E (1841) Rhodes GRE 2024 1-0}) 9... h6 10. cxd5 $146 ({RR} 10. Bh4 Bc5 11. Rd1 Qa5 12. Nd2 Bb4 13. cxd5 Bxc3 14. Qxc3 Qxc3 15. bxc3 Nxd5 16. Ne4 g5 17. Bg3 f5 18. Nd6 Nxc3 19. Rd4 Nb6 20. h4 g4 21. Kd2 Ncd5 22. Bd3 Ne7 23. Bb5 a6 24. Bc4 Nc6 {Raja,R (2423)-Jaeel,A (2145) Sharjah 2019 1-0 (47)}) ({RR} 10. Bf4 Bb4 11. a3 Bxc3+ 12. Qxc3 Ne4 13. Qb4 Ndf6 14. Be2 b6 15. cxd5 exd5 16. O-O a5 17. Qb3 Nc5 18. Qd1 Ne6 19. Rd2 Nxf4 20. exf4 Bb7 21. Ne5 {1-0 (21) Garcia Alarcon,A (2118)-Velasquez,A (1922) Pereira 2019}) 10... Nxd5 11. Bxe7 Nxe7 12. Be2 Qc7 13. O-O Nb6 14. Rfd1 Bd7 15. Qe4 Bc6 16. Qe5 Rac8 17. e4 Ng6 18. Qxc7 Rxc7 19. h4 a6 20. a4 Rfc8 21. g3 Be8 22. a5 Nc4 23. Rxc4 Rxc4 24. Bxc4 Rxc4 25. Rd8 Kf8 26. h5 Ne7 27. Ne5 1/2-1/2